The Dacca law reports : fortnightly law journal : table of cases of the High Court of East Pakistan. Volume XX /

Bibliographische Detailangaben
Körperschaften: Chowdhury, Obaidul Haque, Chaudhury, A Mountaquim, Ahmed,Shahabuddin
Format: Buch
Sprache:English
Veröffentlicht: Dhaka : Dhaka Law Reports, 1968.
Schlagworte:
Classic Catalogue: View this record in Classic Catalogue
LEADER 01725nam a2200349 a 4500
001 0020910
003 BD-DhAAL
008 101019s1968 bg w 000 0 eng d
040 |a BD-DhAAL  |c BD-DhAAL 
082 0 0 |a 348.5492046 
130 0 |a DLR  |9 4119 
245 0 4 |a The Dacca law reports :  |b fortnightly law journal : table of cases of the High Court of East Pakistan.  |n Volume XX /  |c Obaidul Haque Chowdhury, editor. 
246 1 7 |a The Dhaka Law Reports. 
260 |a Dhaka :  |b Dhaka Law Reports,  |c 1968. 
300 |a 385, 314 p. ;  |c 25 cm 
362 0 |a Vol. 20 (1968) 
500 |a Table of cases of the High Court of East Pakistan. 
500 |a "A journal of law reports." 
500 |a Latest issue consulted: Vol.XX,January to December,1968 
526 |a SOL  |x Saira Rahman Khan, Associate Professor School of Law BRAC University 
541 |e 0020910, 0022302  |a Anupam Gyan Bhandar 
590 |a Published yearly. 
650 0 |a Law reports, digests, etc.  |z Bangladesh.  |9 4120 
650 0 |a Law reports, digests, etc.  |z India  |z Bengal.  |9 4121 
710 1 |a Chowdhury, Obaidul Haque.  |9 3864 
710 1 |a Chaudhury, A Mountaquim.  |9 4122 
710 1 |a Ahmed,Shahabuddin.  |9 4017 
852 1 |a Ayesha Abed Library  |c Reference shelf  
942 |2 ddc  |c 1HOUR 
999 |c 10667  |d 10667 
952 |0 0  |1 0  |2 ddc  |4 0  |6 348_549204600000000_DAC  |7 0  |8 REF  |9 16034  |a BRACUL  |b BRACUL  |c REF  |d 2011-04-10  |l 9  |o 348.5492046 DAC  |p 3010022302  |r 2017-03-18  |s 2017-03-18  |t 2  |w 2011-04-10  |y 1HOUR 
952 |0 0  |1 0  |2 ddc  |4 0  |6 348_549204600000000_DAC  |7 0  |8 REF  |9 24027  |a BRACUL  |b BRACUL  |c REF  |d 2014-03-29  |e Anupam Gyan Bhandar  |l 0  |o 348.5492046 DAC  |p 3010020910  |r 2014-03-29  |t 1  |w 2014-03-29  |y 1HOUR  |x Requisitioned by Saira Rahman Khan, Associate Professor, School of Law, BRAC University.